000 00636nam a22002297a 4500
003 UA-OsUOA
001 49026
007 ta
008 20070917b un ||||| |||| 00| 0 ukr d
100 _aПогребенник Ф.
090 _a82.09
_bП43
942 _cBK
040 _aUA-OsUOA
_bukr
_cUA-OsUOA
_dUA-OsUOA
245 _aІван Франко в українсько-російських взаєминах
300 _a297 с.
955 _a1
041 _aukr
080 _a82.09
260 _aК.
_bДніпро
_c1986
650 7 _a82 Література. Літературознавство
_2UDC
999 _c335137
_d335137